Report on the working and living conditions of workers in saw mills, oil mills and dal mills in India (1990) (Record no. 484841)

000 -LEADER
fixed length control field 00652cam a22001697a 4500
008 - FIXED-LENGTH DATA ELEMENTS--GENERAL INFORMATION
fixed length control field 180718b1994 xxu||||| |||| 00| 0 eng d
082 ## - DEWEY DECIMAL CLASSIFICATION NUMBER
Classification number R6:T211x54 In2S
245 ## - TITLE STATEMENT
Title Report on the working and living conditions of workers in saw mills, oil mills and dal mills in India (1990)
Statement of responsibility, etc. by Labour Bureau, Ministry of Labour
260 ## - PUBLICATION, DISTRIBUTION, ETC.
Place of publication, distribution, etc. Delhi
Name of publisher, distributor, etc. The Controller of Publications
Date of publication, distribution, etc. 1994
300 ## - PHYSICAL DESCRIPTION
Extent 119+p.
440 ## - SERIES STATEMENT/ADDED ENTRY--TITLE
Title Unorganised Sector Survey Series No. 19
650 ## - SUBJECT ADDED ENTRY--TOPICAL TERM
Topical term or geographic name entry element Work environment - India
650 ## - SUBJECT ADDED ENTRY--TOPICAL TERM
Topical term or geographic name entry element Oil mills - India
650 ## - SUBJECT ADDED ENTRY--TOPICAL TERM
Topical term or geographic name entry element Grain - Milling - India
650 ## - SUBJECT ADDED ENTRY--TOPICAL TERM
Topical term or geographic name entry element Saw industry - India
700 ## - ADDED ENTRY--PERSONAL NAME
Personal name India. Ministry of Labour. Labour Bureau
Holdings
Withdrawn status Lost status Damaged status Not for loan Permanent Location Current Location Date acquired Full call number Barcode Date last seen Price effective from Koha item type
        Indian Institute of Public Administration Indian Institute of Public Administration 2018-08-04 R6:T211x54 In2S GG22401 2018-08-04 2018-08-04 GG

Powered by Koha